[Event "39th olm final"]
[Site "Khanty-Mansiysk"]
[Date "2010.10.01"]
[Round "10.1"]
[White "Hansen, Sune Berg"]
[Black "Al Sayed, Mohamad Naser"]
[Result "1-0"]
[WhiteElo "2595"]
[BlackElo "2495"]
[EventDate "2010.09.20"]
[WhiteTeam "Denmark"]
[BlackTeam "Qatar"]
[PlyCount "128"]

1.d4 d5 2.c4 c6 3.Nc3 Nf6 4.e3 e6 5.Nf3 Nbd7 6.Bd3 dxc4 7.Bxc4 b5 8.Bd3 a6
9.a4 b4 10.Ne4 c5 11.Nxf6+ Nxf6 12.dxc5 Bxc5 13.e4 Bb7 14.Qe2 Qb6 15.O-O
h6 16.Bf4 Rd8 17.Ne5 Qa7 18.Nc4 Qa8 19.Rfe1 Rxd3 20.Qxd3 O-O 21.Be3 Bxe4
22.Qf1 Bxe3 23.Nxe3 Nd5 24.Nxd5 Bxd5 25.f3 b3 26.Rac1 Qb7 27.Red1 Ra8 28.
Qd3 Rb8 29.Qd4 Rc8 30.Rc5 Rxc5 31.Qxc5 Qd7 32.Rd4 Qd8 33.Rd3 Qh4 34.Qa5
Qc4 35.Rd1 Kh7 36.h3 f5 37.Qe1 Qxa4 38.Qe3 Qh4 39.Rd4 Qf6 40.Qd2 Qe5 41.
Ra4 Qg3 42.Qc3 Qd6 43.Ra5 Qb6+ 44.Rc5 Qa7 45.Kh2 Qe7 46.Rc7 Qd6+ 47.Kg1
Qg3 48.Rd7 h5 49.Qc7 h4 50.Qxg3 hxg3 51.Rd6 g5 52.Rxa6 Kg6 53.Ra4 f4 54.
Kf1 Kf5 55.Ke2 e5 56.Kd3 Bb7 57.Ra5 Ke6 58.Ra7 Bc6 59.Ra6 Kd5 60.Rb6 Bd7
61.Ke2 Kc4 62.Rg6 g4 63.hxg4 Bb5 64.Rb6 Kd5+ 1-0

[Event "39th olm final"]
[Site "Khanty-Mansiysk"]
[Date "2010.10.01"]
[Round "10.3"]
[White "Glud, Jakob Vang"]
[Black "Nezad, Husein Aziz"]
[Result "1/2-1/2"]
[WhiteElo "2479"]
[BlackElo "2394"]
[EventDate "2010.09.20"]
[WhiteTeam "Denmark"]
[BlackTeam "Qatar"]
[PlyCount "94"]

1.d4 d5 2.c4 e6 3.Nf3 Nf6 4.g3 Bb4+ 5.Bd2 Bd6 6.Nc3 O-O 7.Qc2 c5 8.dxc5
Bxc5 9.cxd5 exd5 10.Bg2 Nc6 11.O-O d4 12.Na4 Be7 13.Rfd1 Bg4 14.Bc3 Qc8
15.Nxd4 Nxd4 16.Rxd4 b5 17.Bxa8 Qxa8 18.Rf4 Bh3 19.f3 Nd5 20.Rd4 bxa4 21.
Rxa4 Qc6 22.Qe4 Bc5+ 23.Kh1 Re8 24.Ra6 Bb6 25.Qh4 Nxc3 26.Qxh3 Nxe2 27.Ra3
Nd4 28.Rc3 Qd5 29.Rd1 g6 30.Rcd3 Qxa2 31.Rxd4 Bxd4 32.Qd7 Qe6 33.Qxe6 Rxe6
34.Rxd4 Re1+ 35.Kg2 Re2+ 36.Kh3 Rxb2 37.Ra4 Rb7 38.Ra6 Re7 39.Kg4 Kg7 40.
h4 Rc7 41.h5 Rb7 42.Kh4 Rc7 43.Kg4 Kh6 44.Kh4 Kg7 45.Kg4 Rc4+ 46.Kh3 Rc3
47.f4 f5 1/2-1/2

[Event "39th olm final"]
[Site "Khanty-Mansiysk"]
[Date "2010.10.01"]
[Round "10.4"]
[White "Al Tamimi, Hamad"]
[Black "Antonsen, Mikkel"]
[Result "0-1"]
[WhiteElo "2250"]
[BlackElo "2471"]
[EventDate "2010.09.20"]
[WhiteTeam "Qatar"]
[BlackTeam "Denmark"]
[PlyCount "82"]

1.e4 e5 2.Nf3 Nc6 3.Nc3 Nf6 4.Bb5 Nd4 5.Nxd4 exd4 6.e5 dxc3 7.exf6 Qxf6 8.
dxc3 Qe5+ 9.Qe2 Qxe2+ 10.Bxe2 Be7 11.Bf4 d6 12.O-O-O Be6 13.Rhe1 O-O-O 14.
Bf3 Rde8 15.Bd5 Bh4 16.g3 Bf6 17.Bxe6+ fxe6 18.Be3 b6 19.f4 h5 20.Bd4 Kd7
21.Re2 Ke7 22.Kd2 Kf7 23.Ke1 Rhg8 24.h4 e5 25.fxe5 dxe5 26.Be3 Ke6 27.Kf2
Rd8 28.Rxd8 Rxd8 29.Rd2 Rxd2+ 30.Bxd2 Kf5 31.Kf3 b5 32.b3 a6 33.Be1 c6 34.
Ke3 Bd8 35.Kd3 e4+ 36.Ke2 Bc7 37.Kf2 Kg4 38.Kg2 e3 39.c4 bxc4 40.b4 Be5
41.a4 g6 0-1

[Event "39th olm final"]
[Site "Khanty-Mansiysk"]
[Date "2010.10.03"]
[Round "11.2"]
[White "Shengelia, David"]
[Black "Rasmussen, Allan Stig"]
[Result "0-1"]
[WhiteElo "2587"]
[BlackElo "2530"]
[EventDate "2010.09.20"]
[WhiteTeam "Austria"]
[BlackTeam "Denmark"]
[PlyCount "92"]

1.d4 d5 2.Nf3 Nf6 3.e3 c5 4.b3 Nc6 5.Bb2 cxd4 6.Nxd4 Bg4 7.Nxc6 bxc6 8.Qd4
Qa5+ 9.Nc3 Bd7 10.Be2 e6 11.O-O Bd6 12.e4 e5 13.Qd3 O-O 14.a3 Be6 15.exd5
cxd5 16.Nb5 Bb8 17.f4 exf4 18.Bf3 a6 19.Nd4 Ba7 20.Kh1 Rac8 21.Be2 Ne4 22.
Rxf4 Bb8 23.Rff1 Qc7 24.g3 Bh3 25.Rf3 Ba7 26.Bf1 Bg4 27.Rf4 Qxf4 28.gxf4
Nf2+ 29.Kg2 Nxd3 30.Bxd3 Rfe8 31.Kf2 h5 32.b4 Be2 33.Re1 Bxd3 34.Rxe8+
Rxe8 35.cxd3 Rc8 36.Kf3 Bxd4 37.Bxd4 Rc2 38.a4 Ra2 39.a5 Rxh2 40.Bf2 Rh1
41.f5 Rb1 42.Bc5 Rb3 43.Kf4 f6 44.d4 h4 45.Kg4 h3 46.Bd6 Rxb4 0-1

[Event "39th olm final"]
[Site "Khanty-Mansiysk"]
[Date "2010.10.03"]
[Round "11.3"]
[White "Glud, Jakob Vang"]
[Black "Neubauer, Martin"]
[Result "1/2-1/2"]
[WhiteElo "2479"]
[BlackElo "2428"]
[EventDate "2010.09.20"]
[WhiteTeam "Denmark"]
[BlackTeam "Austria"]
[PlyCount "117"]

1.c4 Nf6 2.Nc3 c5 3.g3 e6 4.Nf3 d5 5.cxd5 Nxd5 6.Bg2 Nc6 7.O-O Be7 8.d4
O-O 9.Nxd5 exd5 10.Be3 c4 11.b3 cxb3 12.Qxb3 Na5 13.Qd3 Nc4 14.Ne5 Nxe3
15.Qxe3 Bf6 16.Qb3 Be6 17.Qxb7 Bxe5 18.dxe5 Qa5 19.Rfb1 Rac8 20.Qb2 Rc3
21.Bf1 d4 22.Qb5 Qc7 23.a4 h5 24.Qb7 Qxe5 25.Rb5 Rc7 26.Rxe5 Rxb7 27.Rd1
Rd8 28.Rxh5 f5 29.Rh4 Rb4 30.e3 Rxa4 31.Rhxd4 Raxd4 32.exd4 a5 33.Ra1 Rxd4
34.Rxa5 Rd1 35.Kg2 g5 36.Be2 Rd2 37.Kf1 Kf7 38.g4 Kf6 39.gxf5 Bxf5 40.Ke1
Rb2 41.f3 Be6 42.Rc5 Bf5 43.Rc4 Ke5 44.h4 gxh4 45.Rxh4 Bg6 46.Ra4 Bf5 47.
Ra3 Be6 48.Re3+ Kf6 49.Re4 Bd7 50.Rd4 Bb5 51.Bxb5 Rxb5 52.Kf2 Kf5 53.Kg3
Rb1 54.Rd5+ Ke6 55.Ra5 Rb4 56.f4 Rb1 57.Kg4 Rg1+ 58.Kh5 Kf6 59.Kh4 1/2-1/2